000 00776nam a2200265Ia 4500
003 OSt
005 20220928102342.0
006 a|||||r|||| 00| 0
007 ta
008 220927b |||||||| |||| 00| 0 eng d
020 _cIndian Rupees 0
024 _a134759
037 _bGift, 11/05/2017,
_cTextual
040 _aSDCL
_cSDCL
_beng
041 _2eng
_aeng
082 _aO31,3NSJx, Q5
100 _aSankar Jayanthi
_9397883
245 0 _aLoss and laws & other Tamil short stories
260 _aSingapore
_bKitaab
_c2015
300 _a155p.
_ccm.
650 _aGift
_9391569
700 _a Nagasamy Usha Tr.
_9397884
942 _hO31,3NSJx, Q5
_cTEXL
_2CC
999 _c713704
_d713704